000 00885nam a2200229 a 4500
001 41295
003 BD-RjUL
005 20211209053348.0
008 160528s1959 ii ||||| |||| 00| 0 ben d
035 _a(BD-RjUL)41412
040 _aBD-RjUL
_bben
_cBD-RjUL
041 _aben
082 _223
_a294.5
_bMOS 1959
100 _aমজুমদার, বিমানবিহারী
_9127024
245 1 0 _aশ্রীচৈতন্যচরিতের উপাদান /
_cবিমানবিহারী মজুমদার
250 _a২য় সং.
260 _aকলিকাতা :
_bকলিকাতা বিশ্ববিদ্যালয়,
_c১৯৫৯
300 _a[২৪], ৭৫৪ পৃ. ;
_c২১ সেমি.
650 _aহিন্দুত্ত্ববাদ
_9121504
650 _aHinduism
_9127025
942 _2ddc
_cBK
999 _c41295
_d41295